000 00726nam a2200241 i 4500
001 C2-0288504
003 PPAK
005 20180728021605.0
008 080516s su |||| ||||| | ara d
040 _aPPAK
_beng
_cPPAK
_erda
082 0 4 _a297.382
_223
090 0 0 _a297.382
_bMUH
_dKMN
100 0 _aMuhammad bin Abd Wahab,
_eauthor
245 1 0 _aal-Usul al-Salasah wa Syurud al-Solat wa al-Qawaid al-Arabaah
_bTiga Usul dan syarat Solat kaedah yang empat
264 1 _aRiyadz :
_bSyarikat Abikan ,
300 _a19 pages ;
_c21 cm
336 _2rdacontent
_atext
337 _2rdamedia
_aunmediated
338 _2rdacarrier
_avolume
500 _aTeks dalam bahasa arab
650 1 0 _aPrayer(Islam)
942 _ddc
_cB
999 _c94113
_d94113